000 01321nam a2200361 i 4500
003 DO-SdBNP
005 20240806113659.0
007 ta
008 240806s1999 sp 001 0 spa d
020 _a8400061292 (obra completa)
020 _a840006128 (v. 1)
020 _a8400073274 (v. 2)
040 _aDO-SdBNP
_bspa
_cBNPHU
_erda
082 _bA927
_222
100 _aAura Jorro, Francisco
_967862
_eautor
245 0 0 _aDiccionario micénico (DMic.) /
_credactado por Francisco Aura Jorro ; dirección Francisco R. Adrados.
264 _aMadrid, España :
_bConsejo Superior de Investigaciones Científicas,
_c1999.
300 _avolumenes
_c24 cm.
336 _2rdacontent
_atexto
_btxt
337 _2rdamedia
_asin mediación
_bn
338 _2rdacarrier
_avolumen
_bnc
490 1 _aDiccionario griego-español. Anejo
_v1
490 1 _aDiccionario griego-español. Anejo
_v2
500 _aLa biblioteca posee los volúmenes 1 y 2.
500 _a1ra. Reimpresión.
590 _aInventariado, 2024/ YL
650 4 _aLengua griega
_xDialectos
_986228
_zMicenas
650 4 _aLengua griega
_vDiccionarios-
_xEspañol
_986228
700 1 _aAdrados, Francisco Rodríguez,
_d1922-2020
_925545
_edirección
700 1 _aGangutia Elícegui, Elvira
_d1937-
_986229
910 _aYlockward
942 _2ddc
_cLBS1
999 _c57383
_d57383